Quizzes
Events
Quiz Creation
Community
Videos
Private Events
Remove Ads
Sign In
Join for FREE
Feedback
Dark Mode
Quiz Categories
Sports
Geography
Music
Movies
Television
Just For Fun
Miscellaneous
History
Literature
Language
Science
Gaming
Entertainment
Religion
Holiday
For Kids
Quiz Lab
Recent
Popular Today
Quiz Kudos Today
Editor Picks
Curator Picks
Quizzes by...
Day
Popularity
Type
Ratings
Length
Year
Community
Subscriptions
Recent Discussions
Orange Saloon
Badges
Playlists
Quests
Create
Leaderboards
Showdown
Live 5
Trivia Bingo
Activity
Puzzle Library
Sporcle Events
Private Events
Virtual Trivia
Globe League
Become a Host
Pub Owners
SporcleCon
Opinionation
Our Games
Videos
Blog
Mobile Apps
Partnerships
Remove Ads and Go Orange
Feedback
Religion
Mythology
Religious Music
World Religions
Bible
Christianity
Catholicism
Judaism
Church
Scripture
Islam
Verse
Religion
Mythology
Religious Music
World Religions
Bible
Christianity
Catholicism
Judaism
Church
Scripture
Islam
Verse
Random Quiz
Search Sporcle
×
Quiz Lab
Quiz Lab
Religion
Bible
Type in answers that appear in a list
Type in answers that appear in a list
Classic
Best Score? Go Orange.
John 1:1-17 (KJV) Stats
Can you name the words of John 1:1-17 (KJV)?
By
Semety
15m
286 Questions
56 Plays
56 Plays
56 Plays
Comments
Comments
Give Quiz Kudos
Give Quiz Kudos
-
- Ratings
hide this ad
Replay
Link that replays current quiz
Next Quiz
Link to next quiz in quiz playlist
You Got
0%
They Got
Avg Score
67%
Avg Friend Score
Upgrade to see
Score Distribution
Jump to the score distribution portion of the page
Score
0/286
Timer
15:00
0
Plays Today
% Correct
the
98.2%
the
98.2%
the
98.2%
the
98.2%
The
98.2%
the
98.2%
the
98.2%
the
98.2%
the
98.2%
the
98.2%
The
98.2%
the
98.2%
the
98.2%
the
98.2%
the
98.2%
the
98.2%
the
98.2%
the
98.2%
the
98.2%
the
98.2%
the
98.2%
the
98.2%
the
98.2%
the
98.2%
the
98.2%
the
98.2%
and
91.1%
and
91.1%
and
91.1%
and
91.1%
And
91.1%
and
91.1%
and
91.1%
and
91.1%
and
91.1%
And
91.1%
and
91.1%
and
91.1%
and
91.1%
and
91.1%
And
91.1%
and
91.1%
and
91.1%
In
89.3%
in
89.3%
In
89.3%
in
89.3%
in
89.3%
was
87.5%
Word
87.5%
Word
87.5%
was
87.5%
God
87.5%
Word
87.5%
was
87.5%
God
87.5%
was
87.5%
God
87.5%
was
87.5%
was
87.5%
was
87.5%
was
87.5%
was
87.5%
a
87.5%
God
87.5%
was
87.5%
a
87.5%
was
87.5%
was
87.5%
was
87.5%
was
87.5%
was
87.5%
God
87.5%
God
87.5%
Word
87.5%
was
87.5%
was
87.5%
was
87.5%
was
87.5%
beginning
85.7%
beginning
85.7%
I
85.7%
with
82.1%
with
82.1%
him
78.6%
him
78.6%
him
78.6%
him
78.6%
him
78.6%
him
78.6%
him
78.6%
him
78.6%
him
78.6%
He
76.8%
He
76.8%
He
76.8%
% Correct
he
76.8%
he
76.8%
He
76.8%
he
76.8%
not
75%
not
75%
not
75%
not
75%
not
75%
not
75%
that
73.2%
of
73.2%
of
73.2%
that
73.2%
that
73.2%
of
73.2%
that
73.2%
That
73.2%
that
73.2%
of
73.2%
that
73.2%
of
73.2%
of
73.2%
of
73.2%
of
73.2%
of
73.2%
of
73.2%
of
73.2%
of
73.2%
of
73.2%
of
73.2%
of
73.2%
that
73.2%
of
73.2%
made
71.4%
made
71.4%
made
71.4%
light
71.4%
light
71.4%
man
71.4%
Light
71.4%
Light
71.4%
Light
71.4%
Light
71.4%
man
71.4%
made
71.4%
man
71.4%
made
71.4%
to
69.6%
to
69.6%
to
69.6%
to
69.6%
to
69.6%
me
69.6%
me:
69.6%
me
69.6%
All
67.9%
John
67.9%
for
67.9%
all
67.9%
world
67.9%
world
67.9%
world
67.9%
world
67.9%
John
67.9%
for
67.9%
all
67.9%
for
67.9%
For
67.9%
by
66.1%
There
66.1%
cometh
66.1%
by
66.1%
by
66.1%
by
66.1%
darkness
64.3%
darkness
64.3%
it
64.3%
sent
64.3%
from
64.3%
name
64.3%
came
64.3%
sent
64.3%
came
64.3%
his
64.3%
his
64.3%
his
64.3%
name:
64.3%
we
64.3%
his
64.3%
his
64.3%
we
64.3%
came
64.3%
were
62.5%
thing
62.5%
but
62.5%
% Correct
But
62.5%
on
62.5%
were
62.5%
but
62.5%
but
62.5%
things
60.7%
men
60.7%
men
60.7%
into
58.9%
without
57.1%
any
57.1%
life
57.1%
life
57.1%
them
57.1%
them
57.1%
us
57.1%
whose
53.6%
knew
53.6%
will
51.8%
flesh
51.8%
will
51.8%
flesh
51.8%
is
51.8%
shineth
50%
through
50%
believe
50%
which
50%
every
50%
as
50%
as
50%
believe
50%
Which
50%
as
50%
Jesus
50%
Christ
48.2%
same
46.4%
same
46.4%
witness
46.4%
witness
46.4%
might
46.4%
witness
46.4%
unto
46.4%
gave
46.4%
among
46.4%
witness
46.4%
own
44.6%
own
44.6%
dwelt
44.6%
Father
44.6%
have
44.6%
before
42.9%
before
42.9%
comprehended
41.1%
bear
41.1%
bear
41.1%
nor
41.1%
nor
41.1%
only
41.1%
whom
41.1%
many
39.3%
sons
39.3%
glory
39.3%
glory
39.3%
truth
39.3%
This
39.3%
truth
39.3%
received
37.5%
received
37.5%
power
37.5%
become
37.5%
received
37.5%
true
35.7%
grace
35.7%
spake
35.7%
cometh
35.7%
after
35.7%
grace
35.7%
grace
35.7%
given
35.7%
grace
35.7%
born
33.9%
blood
32.1%
begotten
32.1%
full
32.1%
beheld
28.6%
law
26.8%
lighteth
25%
Moses
25%
even
23.2%
fulness
17.9%
bare
16.1%
cried
16.1%
saying
16.1%
preferred
16.1%
Quiz Playlist
Details
Report
Send in Message
Add To Playlist
Classic:
Type in answers that appear in a list
Quiz Source
Last Updated: Feb 16, 2017
Quiz Scoreboard
CHALLENGE
Sign Up to Join the Scoreboard
Show All
Scores
Hide
Comments
May contain spoilers
Recently Published
Decade Duel: World Leaders
by jenniferyan
History
4m
Alphabetical 'K' Countries by Flag Minefield
by ylime102
Geography
3m
Pick 6: Fruits
by JohnFran
Miscellaneous
15s
More to Explore
Quiz From the Vault
Featured Blog Post
15 Basketball Trivia Facts You Can Be March Mad About
hide this ad
You Might Also Like...
Tags
Bible Quiz
Christianity Quiz
Scripture Quiz
Verse Quiz
Christian
gospel
New Testament
Today's Top Quizzes in Religion
Browse Religion
hide this ad
Today's Top Quizzes in Bible
Browse Bible
Top Contributed Quizzes in Religion
1
Bible Bunker: Genesis
2
Follow That Line: Easter Verses
3
Complete the Bible Duos
4
Bible Bunker: Exodus
5
Quick Pick: Continental Religions
6
Word Ladder: Mythological Mothers
7
Get the Picture: Seasonal Deities
8
What do you know about Nowruz?
9
Mythology in Media: Jesus
10
Word Ladder: Holy Books
Explore More
Trending Topics
Anime
Crossword
Marvel
Kpop
NBA
Disney
Harry Potter
Puzzle
WWE
Song
The Office
NFL
Pokémon
Country
Soccer
hide this ad
More By:
Semety
Quiz
Plays
Rating
Category
Featured
Created
25 Popular Christian Hymns
579
2.63
Religion
Mar 25, 2014
World's 50 Best Foods
302
3.00
Just For Fun
Mar 18, 2014
John 1:1-17 (KJV)
56
5.00
Religion
Feb 25, 2013
Go to Creator's Profile
Score Distribution
Quiz Creator Spotlight
Semety
Follow
Send a Message
Quizzes Created
-
Created Quiz Play Count
-
More By This Creator
Popular Quizzes Today
1
Countries of Asia Without Outlines Minefield
2
Find the US States - No Outlines Minefield
3
Pick 6: Fruits
4
Alphabetical 'K' Countries by Flag Minefield
5
The Countries of the World
6
Find the Countries of Europe - No Outlines Minefield
7
Find the US States
8
US States
More Religion Quizzes
Hidden Odd One Out: Religions
Quiz Lab
Trending Quizzes
Pick 6: Mountains
Pick 6: Harry Potter
Pick 6: Flags
Pick 6: NFL Teams
Pick 6: Movie Franchises
Recently Updated
Adaptations: Name the Title
pecheneg
NWSL Teams
pecheneg
Women's Final Four Teams by Year
bhenderson79
Presidents Quartet II
eogle
Anything But Clue(do)
eogle
Anything But Oceanian Capitals
eogle
Anything But 7
eogle
Anything But Thing
eogle
Word Ladder: February 29
pecheneg
Song Title Questions
pecheneg
Trending Topics
NBA
Marvel
Crossword
Disney
Kpop
Anime
Harry Potter
Song
Pokémon
WWE
NFL
The Office
Puzzle
Country
Soccer
Your Account Isn't Verified!
In order to create a playlist on Sporcle, you need to verify the email address you used during registration. Go to your
Sporcle Settings
to finish the process.
Report this User
Report this user for behavior that violates our
Community Guidelines
.
Details:
Send Report
Go to the Sporcle.com Mobile Site →
Comments